000 00336nam a2200133Ia 4500
005 20260328104300.0
008 260328s9999||||xx |||||||||||||| ||und||
100 _aAllen, Cindy
245 0 _aInterior Design Best of Hospitality /
_cCindy Allen
260 _bInterior Design
300 _a274 p.
650 _aVOLUMEN II
942 _cBK
999 _c10575
_d10575